nanostructured matericals for electrochemical energy production and storage/ (Record no. 597967)

000 -LEADER
fixed length control field 00316nam a2200109Ia 4500
008 - FIXED-LENGTH DATA ELEMENTS--GENERAL INFORMATION
fixed length control field 230907s9999||||xx |||||||||||||| ||und||
082 ## - DEWEY DECIMAL CLASSIFICATION NUMBER
Classification number 620.5,NAN
245 #0 - TITLE STATEMENT
Title nanostructured matericals for electrochemical energy production and storage/
260 ## - PUBLICATION, DISTRIBUTION, ETC.
Place of publication, distribution, etc. Springer
Name of publisher, distributor, etc. New York
Date of publication, distribution, etc. 2009
300 ## - PHYSICAL DESCRIPTION
Extent ix, 228p.:
942 ## - ADDED ENTRY ELEMENTS (KOHA)
Koha item type Book
Holdings
Withdrawn status Lost status Damaged status Not for loan Permanent Location Current Location Date acquired Total Checkouts Full call number Barcode Date last seen Price effective from Koha item type
        US-Pakistan Center for Advanced Studies in Energy (USPCAS-E) US-Pakistan Center for Advanced Studies in Energy (USPCAS-E) 05/15/2018   620.5,NAN CAS-E0002066 09/12/2023 09/12/2023 Book
© 2023 Central Library, National University of Sciences and Technology. All Rights Reserved.